Teshuvot. (Record no. 32436)
[ view plain ]
| 000 -LEADER | |
|---|---|
| fixed length control field | 00656cam a22002291 4500 |
| 001 - CONTROL NUMBER | |
| control field | he 67001179 |
| 003 - CONTROL NUMBER IDENTIFIER | |
| control field | DLC |
| 005 - DATE AND TIME OF LATEST TRANSACTION | |
| control field | 20260227111447.0 |
| 008 - FIXED-LENGTH DATA ELEMENTS--GENERAL INFORMATION | |
| fixed length control field | 840125s1870 pl 000 0 heb |
| 010 ## - LIBRARY OF CONGRESS CONTROL NUMBER | |
| LC control number | he 67001179 |
| 035 ## - SYSTEM CONTROL NUMBER | |
| System control number | (OCoLC)19141637 |
| 040 ## - CATALOGING SOURCE | |
| Original cataloging agency | DLC |
| Transcribing agency | MH |
| Modifying agency | DLC |
| 042 ## - AUTHENTICATION CODE | |
| Authentication code | premarc |
| 050 00 - LIBRARY OF CONGRESS CALL NUMBER | |
| Classification number | BM522.43 |
| Item number | .B54 1870 |
| 100 2# - MAIN ENTRY--PERSONAL NAME | |
| Personal name | Ibn Migas, Joseph, |
| Titles and words associated with a name | ha-Levi, |
| Dates associated with a name | 1077-1141. |
| 245 10 - TITLE STATEMENT | |
| Title | Teshuvot. |
| 260 ## - PUBLICATION, DISTRIBUTION, ETC. | |
| Place of publication, distribution, etc. | [Warsaw] : |
| Name of publisher, distributor, etc. | Bi-defus N. Shriftgisser, |
| Date of publication, distribution, etc. | 1870. |
| 300 ## - PHYSICAL DESCRIPTION | |
| Extent | 32 leaves : |
| Other physical details | ill. ; |
| Dimensions | 33 cm. |
| 500 ## - GENERAL NOTE | |
| General note | Published originally under title: Sheʼelot u-teshuvot. |
| 650 #0 - SUBJECT ADDED ENTRY--TOPICAL TERM | |
| Topical term or geographic name entry element | Responsa |
| Chronological subdivision | 1040-1600. |
| 752 ## - ADDED ENTRY--HIERARCHICAL PLACE NAME | |
| Country or larger entity | Poland |
| City | Warsaw |
No items available.